U.S. President Last Names - Sudden Death - Statistics

General Stats
  • This quiz has been taken 26 times
    21 since last reset
  • The average score is 36 of 39
Answers on the Grid
Answers color-coded by a green-red scale on the quiz's grid according to % correct below.
Washington
Adams
Thornburg
Jefferson
Madison
Smith
Baker
Miller
Monroe
Rivers
Jackson
Brown
Armstrong
Van Buren
Harrison
Tyler
Polk
Williams
Taylor
Jones
Garcia
Fillmore
Pierce
Devi
Buchanan
Lincoln
Johnson
Van Leeuwen
Grant
Roberts
Anderson
Garfield
Beversluis
Hayes
Lopez
Arthur
Cleveland
Thomas
McKinley
Moore
Davis
Martinez
Roosevelt
Taft
Lee
Wilson
Thompson
Harding
Coolidge
White
Clark
Truman
Hoover
Walker
Eisenhower
Allen
King
Kennedy
Nixon
Ford
Carter
Wright
Reagan
Torres
Bush
Obama
Hill
Biden
Trump
Green
 
Answer Stats
Answer % Correct
Reagan
100%
Trump
100%
Adams
94%
Arthur
94%
Biden
94%
Bush
94%
Carter
94%
Cleveland
94%
Harding
94%
Harrison
94%
Hoover
94%
Jackson
94%
Jefferson
94%
Johnson
94%
Kennedy
94%
Lincoln
94%
Monroe
94%
Nixon
94%
Roosevelt
94%
Truman
94%
Van Buren
94%
Buchanan
89%
Coolidge
89%
Eisenhower
89%
Fillmore
89%
Ford
89%
Garfield
89%
Grant
89%
Hayes
89%
Madison
89%
McKinley
89%
Obama
89%
Polk
89%
Taft
89%
Taylor
89%
Tyler
89%
Washington
89%
Wilson
89%
Pierce
83%
No matching quizzes found
Score Distribution
Percent of People with Each Score
Percentile by Number Answered
Your Score History
You have not taken this quiz since the last reset